000 00662nam a22001937a 4500
005 20250514164919.0
008 250514b |||||||| |||| 00| 0 eng d
020 _a0444004246
037 _cTextual
040 _aRTL
_cRTL
084 _aB7:7, M1/NTI
_qRTL
100 _aKamien, Morton I.
_9784405
245 _aDynamic optimization: the calculus of variations and optimal control in economics and management
260 _aNew York
_bElsevier North Holland
_c1981
300 _axi, 331 p.
_bincludes bibliographical references and indexes
490 _vSeries Vol. 4
700 _aSchwartz, Nancy L.
_9784406
942 _2CC
_cTB
_hB7:7, M1/NTI
_n0
999 _c1400887
_d1400887